000 00412nam a22001697a 4500
003 MPLRDC
005 20220104124646.0
008 210129b ||||| |||| 00| 0 eng d
082 _a351.9 TSL
100 _a童裳亮编著
245 _a海洋生物趣谈
_c
250 _a一版一刷
260 _a
_b科学出版社
_c1982
300 _b
650 _a自然地理--海洋学
942 _cBK
_o351.9 TSL
999 _c21108
_d21098